ბათუმის შოთა რუსთაველის სახელმწიფო უნივერსიტეტის ბიბლიოთეკა

ფიქრები. ძახილი აღმოსავლეთს (ბიბ.ჩანაწერი № 42170)

000 -LEADER
fixed length control field 00906nam a2200241Ia 4500
001 - CONTROL NUMBER
control field 8863
003 - CONTROL NUMBER IDENTIFIER
control field GE_BSU
008 - FIXED-LENGTH DATA ELEMENTS--GENERAL INFORMATION
fixed length control field 181216s||||||||xx |||||||||||||| ||und||
040 ## - CATALOGING SOURCE
Transcribing agency GE_BSU
080 ## - UNIVERSAL DECIMAL CLASSIFICATION NUMBER
Universal Decimal Classification number 821.353.1-11+821.353.1-1
100 ## - MAIN ENTRY--PERSONAL NAME
Personal name კალაძე,კარლო
245 ## - TITLE STATEMENT
Title ფიქრები. ძახილი აღმოსავლეთს
245 ## - TITLE STATEMENT
Remainder of title ჩემი მესხეთ–ჯავახეთი.პოემა
245 ## - TITLE STATEMENT
Statement of responsibility, etc. რედ. ც.ქაროსანიძე, მხატვ. ო. ჯიშკარიანი
260 ## - PUBLICATION, DISTRIBUTION, ETC.
Place of publication, distribution, etc. თბილისი
260 ## - PUBLICATION, DISTRIBUTION, ETC.
Name of publisher, distributor, etc. მერანი
260 ## - PUBLICATION, DISTRIBUTION, ETC.
Date of publication, distribution, etc. 1970
300 ## - PHYSICAL DESCRIPTION
Extent 169გვ.21სმ.
653 ## - INDEX TERM--UNCONTROLLED
Uncontrolled term პოემა
653 ## - INDEX TERM--UNCONTROLLED
Uncontrolled term ფიქრები. ძახილი აღმოსავლეთს
653 ## - INDEX TERM--UNCONTROLLED
Uncontrolled term ჩემი მესხეთ–ჯავახეთი
942 ## - ADDED ENTRY ELEMENTS (KOHA)
Koha item type წიგნი
ეგზემპლარები
Withdrawn status Lost status Damaged status Not for loan Date acquired Barcode Date last seen Price effective from Koha item type
        2018-12-17 31367 2018-12-17 2018-12-17 წიგნი
        2018-12-17 31368 2018-12-17 2018-12-17 წიგნი